00503 2200181 4500001002100000005001700021008004100038020002200079035002900101090001800130100002000148245004500168250001000213260004100223300001900264650001400283990002400297INLIS00000000002255620140904105641.0  a978-979-049-001-7 a##a0010-091400000000016 aR 389.1 Tim p aTimas Community aPengukuranbEnsiklomini Sejarah Sainstek aCet 1 aBandungbTinta Emas Publishingc2008 a64 hlm ; 18 cm aAlat Ukur a30605/pusdacil/2014